00566nam a22001577a 450000500170000001000150001702000250003203500130005708200090007010000500007924500840012926000460021327000560025930000540031570000390036920230911165847.0 aHIN-125887 a9788192834238c95.00 aHN-98233 aक  aमामोरिया, अर्चना  aनारी स्पंदन /c अर्चना मामोरिया bपोथी प्रकाशन c2017 a5- Ashirvad Apartment nana bazar v v nagar e380120 a96 पृ.c22 सेमी.(अजिल्द) aआग्रवाल,दीपक